LEADER 02004nam0 2200457 i 450 001 BMT0026534 005 20251003044047.0 010 $a9788806252106 100 $a20211207d2021 ||||0itac50 ba 101 | $aita$cita 102 $ait 181 1$6z01$ai $bxxxe 182 1$6z01$an 183 1$6z01$anc$2RDAcarrier 200 1 $aEcchecavolo$eil mondo secondo Imma Tataranni$fMariolina Venezia 210 $aTorino$cEinaudi$d2021 215 $a156 p.$d22 cm 225 | $aˆI ‰coralli 410 0$1001LO10321890$12001 $aˆI ‰coralli 500 10$aEcchecavolo$3UBO4570391$9FERV072269$92833339 606 $aNarrativa italiana$2FIR$3LO1C364761$9E 676 $a853$9NARRATIVA ITALIANA$v12 676 $a853.914$9NARRATIVA ITALIANA. 1945-$v20 676 $a853.914$9NARRATIVA ITALIANA, 1945-1999$v21 676 $a853.92$9NARRATIVA ITALIANA, 2000-$v21 676 $a853.92$9NARRATIVA ITALIANA, 2000-$v23 696 $aLetteratura narrativa italiana 699 $aNarrativa italiana$zLetteratura narrativa italiana 700 1$aVenezia$b, Mariolina$3FERV072269$4070$0558112 801 3$aIT$bIT-000000$c20211207 850 $aIT-BN0095 $aIT-SA0002 $aIT-CE0066 $aIT-NA0310 $aIT-NA0695 901 $bNAP FS$cBIBLIOTECA$n$ 901 $bNAP PG$cBIBLIOTECA$n$ 901 $bNAP AE$cCOLL. $n$ 901 $bNAP 01$cBCA $nComprende monografie e periodici di diritto, testi di ingegneria, di scienze e tecnologia di nuova acquisizione. 901 $bNAP CV$cPEZZELLA $n$ 912 $aBMT0026534 950 0$aBiblioteca Centralizzata di Ateneo$c1 v. in due copie$d 01BCA LETT. 5$e 01 0000080445 VMA A4 1 v.$fY $h20220505$i20220505$c1 v. in due copie$d 01BCA LETT. 5$e 01 0000080455 VMA A4(bis 1 v. (2. copia)$fY $h20220505$i20220505 977 $a 01$a AE$a CV$a FS$a PG 996 $aEcchecavolo$92833339 997 $aUNISANNIO